Famous Characters By Picture - Statistics

General Stats
  • This quiz has been taken 172 times
  • The average score is 21 of 25
Answer Stats
Picture Answer % Correct
Hulk
97%
Minnie Mouse
97%
Spider-Man
97%
Pink Panther
96%
Donald Duck
95%
Garfield
95%
Mario
95%
Mickey Mouse
95%
Captain America
93%
Superman
93%
Spongebob Squarepants
92%
Kermit The Frog
91%
Luigi
91%
Woody
90%
Iron Man
89%
Tinker Bell
88%
Olaf
87%
R2-D2
87%
Pikachu
86%
Yoshi
77%
Robin
74%
Charlie Brown
70%
T-2000
68%
BB-8
48%
Odie
41%
No matching quizzes found
Score Distribution
Percent of People with Each Score
Percentile by Number Answered
Your Score History
You have not taken this quiz